History Quiz

Random History Quiz

Religious change under the Tudors Quiz Stats

Quiz not verified by Sporcle

Challenge
Share
Tweet
Embed
Score 0/40 Timer 20:00
0 Plays Today
Hint Answer % Correct
Act of Supremacy/Submission of the clergy confirmed1534
100%
10 Articles - some Lutheran doctrine/Smaller monasteries dissolved/Royal injunctions against pilgrimages1536
92.3%
1st Act of Uniformity1549
92.3%
Pope excommunicated Elizabeth1570
92.3%
'Supplication against the Ordinaries' answer-A xxxxA 1532
92.3%
The Act in Restraint of Appeals answer-A xxxxA 1533
92.3%
royal injunctions ordered purchase of Great Bible in English/pilgrimages and shrines removed1538
92.3%
Sanctuary abolished1540
92.3%
6 Articles - full catholic doctrine/ larger monasteries dissolved1539
84.6%
Repeal of the Act of Six Articles/Act of dissolution of Chantries1547
84.6%
First Book of Common Prayer1548
84.6%
catholic mass reintroduced (Sep)1553
84.6%
england and Rome reconciled (Nov)1554
84.6%
Bishops Ridley & Latimer burnt at stake (Oct)1555
84.6%
Archbishop Cranmer burnt at stake1556
84.6%
Mary & Cardinal Pole die1558
84.6%
Act of Supremacy restores Henrician anti-Pope laws/Act of Unifmroity enforced 2nd book of common prayer1559
84.6%
39 Articles - Protestant/foundations of puritanism as convocation of canterbury fail to further reform the church1563
84.6%
Cardinal Campeggio revoked Henry's marriage case to Rome1529
84.6%
Clergy accused of Praemunire/Henry appeals to European universities to support his case1530
84.6%
Hint Answer % Correct
clergy bought pardon from praemunire/labelled Henry 'protector and only supreme head of the church as far as the law of christ allows'1531
84.6%
King's commissioners began visiting religious houses/Bishop Fisher, Thomas More and some carthusian monks executed1535
84.6%
The Bishops' Book - protestant reform1537
84.6%
Act for the Advancement of True Religion/King's book - defended transubstantiation, use of images and 6 Articles1543
84.6%
publication of 'an apology of the church of England' by Bishop of Salisbury; CofE returning to true position1562
84.6%
2nd Book of Common Prayer - some calvinistic elements/Second Act of Uniformity1552
76.9%
Latin edition of the prayer book allowed1560
76.9%
Liz wants to ban clerical marriage but doesn't1561
76.9%
Vestiarian controversy1566
76.9%
39 Articles given statutory authority1571
76.9%
4 catholic priests executed1581
76.9%
11 catholic priests executed1582
76.9%
by this time, 100 priests from Douai sent to England1580
69.2%
3 Articles by Archbishop Whitgift - acceptance of Elizabethan protestantism; aided decline of Presbyterianism1583
69.2%
Act against Jesuits and Seminary priests1585
61.5%
Act against Seditious sectaries; against separatists1593
53.8%
The Act in Conditional Restraint of Annates answer-B xxxxB 1532
46.2%
Marriage to Catherine of Aragon annulled answer-B xxxxB 1533
46.2%
The Act in Conditional Restraint of Annates confirmed answer-C xxxxC 1533
46.2%
Reformation Parliament (xxxx-xxxx)1529-1536
38.5%

You're not logged in!

Compare scores with friends on all Sporcle quizzes.
Sign Up with Email
OR
Log In

You Might Also Like...

Show Comments

Extras

Top Quizzes Today


Score Distribution

Your Account Isn't Verified!

In order to create a playlist on Sporcle, you need to verify the email address you used during registration. Go to your Sporcle Settings to finish the process.